Great ideas for small youth groups. (Record no. 12492)

000 -LEADER
fixed length control field 00729nam a2200205 a 4500
001 - CONTROL NUMBER
control field :::00010294$&:&@@
003 - CONTROL NUMBER IDENTIFIER
control field OkBaRHE
005 - DATE AND TIME OF LATEST TRANSACTION
control field 20000607103357.0
008 - FIXED-LENGTH DATA ELEMENTS--GENERAL INFORMATION
fixed length control field s1986 j 000 0 eng u
040 ## - CATALOGING SOURCE
Transcribing agency
100 1# - MAIN ENTRY--PERSONAL NAME
Personal name Rice, Wayne.
245 10 - TITLE STATEMENT
Title Great ideas for small youth groups.
260 ## - PUBLICATION, DISTRIBUTION, ETC. (IMPRINT)
Place of publication, distribution, etc Grand Rapids, MI., :
Name of publisher, distributor, etc Zondervan Publishing House
Date of publication, distribution, etc c1986
300 ## - PHYSICAL DESCRIPTION
Extent 176 p. : illus. ;
Dimensions 21 cm.
650 ## - SUBJECT ADDED ENTRY--TOPICAL TERM
Topical term or geographic name as entry element Church Group Work With Young Adults
650 ## - SUBJECT ADDED ENTRY--TOPICAL TERM
Topical term or geographic name as entry element Church Group Work With Youth
942 ## - ADDED ENTRY ELEMENTS (KOHA)
Source of classification or shelving scheme
Koha item type Books
Copies
Full call number Permanent Location Price effective from Shelving location Koha item type Damaged status Withdrawn status Source of classification or shelving scheme Barcode Date acquired Date last seen Not for loan Lost status Copy number
BV 4447 .R44RHEMA Bible Training College2010-04-14General StacksBooks   102942010-04-142011-10-21  1
BV 4447 .R44RHEMA Bible Training College2010-04-14General StacksBooks   152202010-04-142010-04-14  2